Responses for show #8297 - Tuesday, December 8, 2020

Contestants

[<< previous game]

Cody Lawrence, an assistant editor from Sherman Oaks, California

Kristen Thomas-McGill, a graduate student originally from Louisville, Kentucky

John Vigna, a communications manager from Los Angeles, California (whose 1-day cash winnings total $11,199)

[next game >>]

Jeopardy! Round responses

THE FOUNDING FATHERS SPEAK
THE HELPFUL WEB
ENTERTAINMENT
GEOGRAPHIC FOURS
COLLABS
YOU'VE GOT ANIMAL MALE
    $200 1
books

Cody
    $200 29
a search engine

John
    $200 12
Taylor Swift

John
    $200 6
Jerusalem

John
    $200 30
Watson & Holmes

John
    $200 7
a stag

Cody
    $400 2
tax

Kristen
    $400 28
pills

Kristen
    $400 13
IMAX

Kristen
    $400 14
Honshu

Cody
    $400 23
Black+Decker

Cody
    $400 8
(Kristen: What is a hog?)

a boar

JohnKristen
    $600 3
an American

John
    $600 27
the AARP

John
    $600 16
(Alex: [*], yes, and that movie comes out today.)[NOTE: Kristen (and Alex) did not include "Part" when naming the movie.]

The Godfather Part III

Kristen
    $600 15
(Cody: What is Nicaragua?)

Belize

JohnCody
    $600 22
(Alex: Oh, John, you didn't ring in and you knew that.)

Lerner & Loewe

Triple Stumper
    $600 9
a tom

John
    $800 4
the best policy

Cody
    $800 25
Earth Day

Cody
    $800 19
Ford v Ferrari

Kristen
    $800 17
Utah, Arizona, New Mexico & Colorado

Cody
    $4,600 21
(Cody: Uh... who are King Henry VIII and... Catherine the Great?)

William & Mary

Cody
    $800 10
a seahorse

Cody
    $1000 5
(John) Adams

Kristen
    $1000 26
Habitat for Humanity

Kristen
    $1000 18
Hawkman

Cody
    $1000 20
Perth

Cody
    $1000 24
Gilbert & Sullivan

Cody
    $1000 11
a mallard

John

Scores at the first commercial break (after clue 15):

John Kristen Cody
$3,600 $1,400 $1,800

Scores at the end of the Jeopardy! Round:

John Kristen Cody
$4,600 $4,200 $2,200

Double Jeopardy! Round responses

LANGUAGES
LIVE ALBUMS
A NAPOLEON COMPLEX
ENERGY
AUTHORS' ALMA MATERS
WORDS THAT SHOULD RHYME
    $400 2
German

Kristen
    $400 1
The Rolling Stones

Kristen
    $400 7
(Kristen: What is a museum?)

a Catholic church

Kristen
Triple Stumper
    $400 30
the Columbia

Cody
    $400 19
(John: Who is J.K. Rowlings?)
[John's response was accepted as correct and the decision was reversed when the Daily Double was played.]

J.K. Rowling

John
Triple Stumper
    $400 8
alone & gone

Kristen
    $800 6
Old Norse

Kristen
    $800 28
The Who

Kristen
    $800 13
the Louvre

Cody
    $800 29
hydrogen

John
    $800 27
Texas Christian University

Cody
    $800 9
crow & brow

Cody
    $1200 5
Mandarin (Chinese)

Kristen
    $1200 20
Bob Marley

John
    $1200 18
the Empress Josephine

Triple Stumper
    $1200 24
a chakra

Kristen
    $4,000 26
(E.B.) White

Kristen
    $1200 10
(Kristen: What are cemetery and...)
(Alex: [Chuckles] No, you're on the wrong track.)
[Laughter]

tomb & comb

KristenCody
    $1600 3
Urdu

Cody
    $1600 21
Linkin Park

Cody
    $1600 14
an arc (Arc de Triomphe)

John
    $2,400 15
(John: What is general physics?)

thermodynamics

John
    $1600 22
Isaac Asimov

John
    $1600 11
vein & protein

Triple Stumper
    $2000 4
Tagalog

Cody
    $2000 23
Peter Frampton

Triple Stumper
    $2000 17
St. Helena

Kristen
    $2000 16
the flywheel

Triple Stumper
    $2000 25
Robert Ludlum

Triple Stumper
    $2000 12
peat & threat

Kristen

Scores at the end of the Double Jeopardy! Round:

John Kristen Cody
$7,000 $15,800 $11,400

[wagering suggestions for these scores]

Final Jeopardy! Round responses

THE ANCIENT WORLD
JohnWho is Socrates?
$6,000
CodyWho is Brutus?
$2,601
KristenWho is Socrates?
$7,001
Socrates

Final scores:

John Kristen Cody
$13,000 $22,801 $8,799
2nd place: $2,000 New champion: $22,801 3rd place: $1,000

Game dynamics:

Coryat scores:

John Kristen Cody
$9,400 $13,000 $16,000
14 R,
2 W
(including 1 DD)
17 R
(including 1 DD),
3 W
19 R,
2 W
(including 1 DD)

Combined Coryat: $38,400

The J! Archive is created by fans, for fans. The Jeopardy! game show and all elements thereof, including but not limited to copyright and trademark thereto, are the property of Jeopardy Productions, Inc. and are protected under law. This website is not affiliated with, sponsored by, or operated by Jeopardy Productions, Inc. Join the discussion at JBoard.tv.